| 000 | 00350nam a2200133Ia 4500 | ||
|---|---|---|---|
| 008 | 231017s9999 xx 000 0 und d | ||
| 082 | _a625.7COO | ||
| 082 | _bCOO | ||
| 245 | 0 | _aLow Volume Rural Road Upgrade Options (Technical Paper No. 4) - December 2008 | |
| 245 | 0 | _cDr. J.R. Cook | |
| 260 | _bDr. J.R. Cook | ||
| 300 | _c30cm | ||
| 942 | _cREP | ||
| 999 |
_c603640 _d603640 |
||